000 00863nam a2200253 a 4500
001 24643
003 CO-ViMGA
005 20230915232011.0
008 141112s2004 ck r 000 u spa d
015 _ack - 2008 - xxxx
020 _a9789586485593
040 _aCO-ViMGA
_bspa
_cCO-ViMGA
082 0 4 _a658.8 D86m
100 1 _aDuque Gómez, Ernesto.
_936714
245 1 0 _aMarketing una evidencia cultural /
_cErnesto Duque Gómez.
260 _aBogotá :
_bEcoe Ediciones,
_c2008.
300 _axv, 392 p. : il. ; 24 cm.
490 _aCiencias administrativas. Mercadeo
504 _aIncluye bibliografía.
650 1 4 _aMercadeo - Aspectos sociales.
_936715
942 _2ddc
_cBK
949 _ac n
999 _c32456
_d32456